000 01515nam a2200373Ia 4500
001 ebr10250465
003 CaPaEBR
006 m u
007 cr cn|||||||||
008 080305s2008 enka sb 001 0 eng d
010 _z 2008010405
020 _z0754673049
020 _z9780754673040
040 _aCaPaEBR
_cCaPaEBR
035 _a(OCoLC)323457044
050 1 4 _aTL553.5
_b.S743 2008eb
082 0 4 _a363.12/47
_222
100 1 _aStolzer, Alan J.,
_d1960-
245 1 0 _aSafety management systems in aviation
_h[electronic resource] /
_cAlan J. Stolzer, Carl D. Halford & John J. Goglia.
260 _aAldershot, Hampshire, England ;
_aBurlington, VT :
_bAshgate,
_cc2008.
300 _axxiii, 297 p. :
_bill.
490 1 _aAshgate studies in human factors for flight operations
504 _aIncludes bibliographical references and index.
533 _aElectronic reproduction.
_bPalo Alto, Calif. :
_cebrary,
_d2009.
_nAvailable via World Wide Web.
_nAccess may be limited to ebrary affiliated libraries.
650 0 _aAeronautics
_xSafety measures.
650 0 _aAeronautics
_xSafety regulations.
650 0 _aSystem safety.
655 7 _aElectronic books.
_2local
700 1 _aHalford, Carl D.,
_d1950-
700 1 _aGoglia, John Joseph,
_d1944-
710 2 _aebrary, Inc.
830 0 _aAshgate studies in human factors for flight operations.
856 4 0 _uhttp://site.ebrary.com/lib/rucke/Doc?id=10250465
_zAn electronic book accessible through the World Wide Web; click to view
999 _c149913
_d149913